000 00353 a2200157 4500
001 160829
020 _a
040 _cMagnum
100 _aSodre, Nelson Werneck
240 1 0 _aFormacao historica do brasil
_lpor
245 1 0 _aFormacao historica do brasil
362 0 _a1899
440 1 _aBrasiliense
697 _aHISTORIA DO BRASIL
942 _cBK
999 _c160829
_d160829